Baseball Teams by Emoji Quiz - Statistics

General Stats
  • This quiz has been taken 35 times
  • The average score is 23 of 30
Answer Stats
Emoji Answer % Correct
πŸ΄β€β˜  Pirates
100%
🐯 Tigers
100%
πŸ˜‡ Angels
97%
🟦🐦 Blue Jays
97%
πŸŸ₯🐦 Cardinals
97%
πŸŸ₯ Reds
97%
⬜🧦 White Sox
97%
πŸ—½ Yankees
97%
πŸŸ₯🧦 Red Sox
90%
πŸ‘‘ Royals
90%
πŸ§‘πŸ§‘ Twins
90%
🐟 Marlins
87%
β™¦πŸ Dimondbacks
83%
πŸ”πŸ” Rockies
83%
🐻 Cubs
77%
πŸ§‘β€πŸš€ Astros
73%
πŸ‡ΊπŸ‡Έ Nationals
73%
🟧🐦 Orioles
73%
🀠 Rangers
73%
🍺 Brewers
70%
πŸ”±β›΅ Mariners
70%
πŸ”” Phillies
67%
πŸͺΌπŸŸ Rays
63%
πŸ§‘β¬† Giants
60%
πŸ’‚βš” Guardians
60%
βœπŸ§” Padres
60%
πŸš‡ Mets
57%
🦸πŸ’ͺ Braves
47%
πŸƒπŸ’¨ A's
40%
🚎🌴 Dodgers
40%
No matching quizzes found
Score Distribution
Percent of People with Each Score
Percentile by Number Answered
Your Score History
You have not taken this quiz